| 000 | 02229nam a22003617a 4500 | ||
|---|---|---|---|
| 005 | 20250724171835.0 | ||
| 008 | 250724b |||||||| |||| 00| 0 eng d | ||
| 020 | _a978-93-84033-57-6 (hbk) V1 | ||
| 020 | _a978-93-84033-58-3 (hbk) V2 | ||
| 020 | _a978-93-84033-59-0 (hbk) V3 | ||
| 020 | _a978-93-84033-60-6 (hbk) V4 | ||
| 020 | _a978-93-84033-90-3 (hbk) V5 | ||
| 020 | _a978-93-84033-91-0 (hbk) V6 | ||
| 020 | _a978-93-84033-92-7 (hbk) V7 | ||
| 020 | _a978-93-84033-93-4 (hbk) V8 | ||
| 020 | _a978-93-84033-94-1 (hbk) V9 | ||
| 020 | _a978-93-84033-95-8 (hbk) V10 | ||
| 020 | _a978-93-84033-96-5 (hbk) V11 | ||
| 037 | _cREF | ||
| 040 |
_aCRL _cCRL |
||
| 041 |
_2hin _ahin |
||
| 084 |
_aO152,1N55x Q6.1-.11 _qCRL |
||
| 245 | _aराजेन्द्र मिश्र रचनावली | ||
| 260 |
_aबिजनौर, भारत: _bहिन्दी साहित्य निकेतन, _c2016. |
||
| 300 | _aखण्ड 1 (1पृ.-563पृ.), खण्ड 2 (1पृ.-565पृ.), खण्ड 3 (1पृ.-553पृ.), खण्ड 4 (1पृ.-558पृ.), खण्ड 5 (1पृ.-592पृ.), खण्ड 6 (1पृ.-592पृ.), खण्ड 7 (1पृ.-536पृ.), खण्ड 8 (1पृ.-592पृ.), खण्ड 9 (1पृ.-576पृ.), खण्ड 10 (1पृ.-556पृ.), खण्ड 11 (1पृ.-560पृ.), | ||
| 365 |
_b11000.00 _cINR |
||
| 440 | _vखण्ड 1 - 11 | ||
| 650 | _aहिन्दी कविता | ||
| 650 | _aहिन्दी साहित्य | ||
| 700 |
_aअग्रवाल, गिरिराजशरण _eसंपादक _9816389 |
||
| 942 |
_2CC _cREF _hO152,1N55x Q6.1-.11 _n0 |
||
| 999 |
_c1434237 _d1434237 |
||